00922nam a2200289 i 450000100060000000300090000600500170001500700030003200800410003502000180007604000220009408000180011608000180013408000160015210000310016824501010019925000120030026000350031230000210034749000410036850400420040965000290045165000430048065000350052383000410055885200330059954690ES-MaACL20230906163012.0t|040112s2002 sp ||||0| spa d a84-7882-496-0 aM-BN bspa cM-BN a159.942(0:82) a821.124-22.09 a811.124'3731 aLópez Gregoris, Rosario.13aEl amor en la comedia latina b: análisis léxico y semántico / cRosario López Gregoris. a1ª ed. aMadrid : bClásicas, c2002. a339 p ; c24 cm.1 aBibliotheca linguae latinae ; vn. 3 aBibliografía: p. [327]-334. Indice. 4aAmor-xEn la literatura.14aComedia latina-xHistoria y crítica.14aLengua latina-xLexicología.0 aBibliotheca linguae latinae ; vn. 3 aES-MaACLjL-26768 bR.132433